000 002690000a22000970004500
100 1 _aWeerstra, Hans M.
245 1 0 _aChristian worldview development
300 _aVol. 14, Núm 1 (1997), Páginas 3-11
773 0 _tInternational Journal of Frontier Misions
942 _cANA
999 _c55209
_d55209